Pomoc v hmotnej núdzi
Hmotná núdza ako stav, keď príjem členov domácnosti nedosahuje sumy životného minima a členovia domácnosti si nevedia alebo nemôžu zabezpečiť či zvýšiť príjem vlastnou prácou, výkonom vlastníckeho práva alebo iného práva k majetku, uplatnením nárokov. Charakteristika hmotnej núdze a posúdenie nároko...
Salvato in:
| Autore principale: | |
|---|---|
| Natura: | Capitolo di libro |
| Lingua: | slovacco |
| Soggetti: | |
| Tags: |
Nessun Tag, puoi essere il primo ad aggiungerne!!
|
MARC
| LEADER | 00000naa a2200000 4500 | ||
|---|---|---|---|
| 001 | 0277642 | ||
| 005 | 20210802190005.0 | ||
| 041 | 0 | |a slo | |
| 044 | |a SK | ||
| 245 | 1 | 0 | |a Pomoc v hmotnej núdzi |c Mikuláš Hamuľák |
| 520 | |a Hmotná núdza ako stav, keď príjem členov domácnosti nedosahuje sumy životného minima a členovia domácnosti si nevedia alebo nemôžu zabezpečiť či zvýšiť príjem vlastnou prácou, výkonom vlastníckeho práva alebo iného práva k majetku, uplatnením nárokov. Charakteristika hmotnej núdze a posúdenie nárokov na príspevky. Nástroje pomoci v hmotnej núdzi (dávky a príspevky). Potrebné kroky občana na úrade práce. | ||
| 610 | 2 | 0 | |a núdza hmotná |
| 610 | 2 | 0 | |a dávky sociálne |
| 610 | 2 | 0 | |a príspevky sociálne |
| 610 | 2 | 0 | |a pomoc sociálna |
| 610 | 2 | 0 | |a podpory v nezamestnanosti |
| 610 | 2 | 0 | |a úrady práce |
| 610 | 2 | 0 | |a poisťovne sociálne |
| 610 | 2 | 0 | |a poistenie sociálne |
| 610 | 2 | 0 | |a minimum existenčné |
| 100 | 1 | |a Hamuľák, Mikuláš | |